Rides in Frontierland (LA Disneyland) - Statistics

General Stats
  • This quiz has been taken 22 times
  • The average score is 2 of 5
Answer Stats
Hint Answer % Correct
Travel through a mine on this roller coaster Big Thunder Mountain Railroad
78%
Enjoy a journey on the rivers of America Mark Twain Riverboat
72%
Inspired by Mark Twain characters Pirate's Lair on Tom Sawyer Island
50%
The full-scale replica of Columbia Rediviva Sailing Ship Columbia
33%
Practice your gun skills Frontierland Shootin' Exposition
11%
No matching quizzes found
Score Distribution
Percent of People with Each Score
Percentile by Number Answered
Your Score History
You have not taken this quiz